000
00233 a2200097 4500
001
35925
100
_a
Dunn Seamus
245
_a
The IBM Personal Computer for Beginners
260
_a
London
_b
Prentice Hall
_c
090
_c
23475
_d
23475
942
_a
NUST-CAE
_c
M
_c
14975
999
_c
270998
_d
270998